000 00485cam a22001217a 4500
008 180718b1967 xxu||||| |||| 00| 0 eng d
082 _aA81x54 In2/61/Vol 20/Pt 5-B
100 _aCensus of India 1961
245 _aHimachal Pradesh: report on scheduled castes and scheduled tribes (a study of Gaddi-scheduled tribe-and afficiated castes)
260 _aDelhi
_bThe Manager of Publications
_c1967
300 _a104+p.
440 _aCensus of India 1961. Volume XX, Himachal Pradesh. Part V-B
999 _c484064
_d484064